Avoidance: From Basic Science to Psychopathology (Record no. 10657)
[ view plain ]
| 000 -LEADER | |
|---|---|
| fixed length control field | 00586nam a2200133Ia 4500 |
| 008 - FIXED-LENGTH DATA ELEMENTS--GENERAL INFORMATION | |
| fixed length control field | 220615s9999||||xx |||||||||||||| ||und|| |
| 022 ## - INTERNATIONAL STANDARD SERIAL NUMBER | |
| International Standard Serial Number | 16648714 |
| 100 ## - MAIN ENTRY--PERSONAL NAME | |
| Personal name | Richard J. Servatius||Gregory J. Quirk||Catherine E. Myers||Kevin C.H. Pang |
| 245 #0 - TITLE STATEMENT | |
| Title | Avoidance: From Basic Science to Psychopathology |
| 546 ## - LANGUAGE NOTE | |
| Language note | English[eng] |
| 650 ## - SUBJECT ADDED ENTRY--TOPICAL TERM | |
| Topical term or geographic name entry element | RDoC||stress||Amygdala||Diathesis||Anxiety||expectancy||cingulate||coping||Hippocampus||posttraumatic stress disorder |
| 856 ## - ELECTRONIC LOCATION AND ACCESS | |
| Uniform Resource Identifier | <a href="http://journal.frontiersin.org/researchtopic/2448/avoidance-from-basic-science-to-psychopathology">http://journal.frontiersin.org/researchtopic/2448/avoidance-from-basic-science-to-psychopathology</a> |
| 942 ## - ADDED ENTRY ELEMENTS (KOHA) | |
| Koha item type | E-Books |
| Withdrawn status | Lost status | Damaged status | Not for loan | Home library | Current library | Date acquired | Total Checkouts | Date last seen | Price effective from | Koha item type |
|---|---|---|---|---|---|---|---|---|---|---|
| Kerala University of Digital Sciences, Innovation and Technology Knowledge Centre | Kerala University of Digital Sciences, Innovation and Technology Knowledge Centre | 15/06/2022 | 15/06/2022 | 15/06/2022 | E-Books |